000 00420cam a22001691 4500
005 20260322212013.0
008 data
040 _aDNLM
_cDNLM
041 0 9 _aeng
060 0 0 _aWM 75
_bA545s 1950
100 1 _aAnderson, Camilla May,
_d1904-
245 1 0 _aSaints, sinners and psychiatry.
_cCamilla May Anderson.
260 _aPhiladelphia,
_bLippincott
_c[c1950]
300 _aix, 206 p.
650 2 _aMental Health
001 data
999 _c274
_d274